O castelo de areia de Telmo (Registo nº 23566)

Detalhes MARC
000 -Etiqueta do registo
Valores 00664nam a22002411i 4500
010 ## - Número ISBN
ISBN 9788447341955
090 ## -
-- 23566
100 ## - Dados gerais de processamento
Dados gerais 20170304u u u0frey50 ba
101 0# - Língua de publicação
-- por
200 1# - Titulo e menção de responsabilidade
Primeira menção de responsabilidade Isidro Sánchez
Título próprio O castelo de areia de Telmo
Informação de outro título vamos brincar
210 ## - Publicação
Nome do editor RBA Coleccionables
Data de publicação cop. 2003
215 ## - Descrição física 
Paginação / Volumes [26] p.
Outras indicações físicas il.
Dimensões 23 cm
225 2# - Colecção 
Título próprio da colecção Rua sésamo
Indicação de volume 23
225 2# - Colecção 
Nome de parte ou secção Aprende divertindo-te
300 ## - Notas gerais 
Texto da nota Oferta de Elsa Coelho
606 ## - Nome comum usado como assunto
Palavra de ordem Infantil
ID Autoridade 2402
675 ## - CDU
Notação 087.5
-- 2104
700 #1 - Autor principal (pessoa individual)
Apelido Sánchez
Nome Isidro
-- 070
ID Autoridade 2652
702 #1 - Autor secundário (pessoa individual)
Apelido Rodrigues
Nome Teresa
-- 730
711 02 - Co-autor principal (colectividade)
Nome da entidade G.A. Estudio
-- 440
ID Autoridade 2653
801 ## - Fonte de origem
País PT
Regras de catalogação RPC
990 ## - Elementos KOHA
Tipo de documento Livro
Exemplares
Situação do levantamento Estado Biblioteca de origem Biblioteca de empréstimo Localização na Estante Código de barras Cota Permissão de empréstimo Tipo de documento Nota relativa ao exemplar Forma de aquisição
  Completo Biblioteca Municipal de Viana Do Alentejo Biblioteca Municipal de Viana Do Alentejo Depósito 0029704 087.5 SAN Disponível Livro cx. 67  




Powered by Koha